| 000 | 00663nam a2200205Ii 4500 | ||
|---|---|---|---|
| 003 | JO-AjNU | ||
| 008 | 230606s9999||||xx |||||||||||||| ||und|| | ||
| 040 |
_aJO-AjNU _beng _erda _cJO-AjNU |
||
| 041 | _aeng | ||
| 050 | 1 | 4 | _aLB1027.5 2008 |
| 100 | 3 |
_ayadav,seema, _eauthor _9367 |
|
| 245 | 0 | 0 | _aGuidance and Counselling |
| 250 | _a2 ed | ||
| 264 | 3 | 1 | _aNew Delhi:Anmol Publication PVT.LTD,2008 |
| 300 | _a386P | ||
| 336 |
_atext _btxt _2rdacontent |
||
| 337 |
_aunmediated _bn _2rdamedia |
||
| 338 |
_avolume _bnc _2rdacarrier |
||
| 650 | 4 |
_aEducational counselling. Counselors-Professional relationships. Educational counselling-India. Student conselors _9368 |
|
| 999 |
_aE195 _c195 _d195 |
||